Summary Proceedings of the Thirty-Sixth Annual Meetings of the Board of Governors, 1981.

The speeches made by officials attending the IMF-World Bank Annual Meetings are published in this volume, along with the press communiques issued by the International Monetary and Financial Committee and the Development Committee at the conclusion of the meetings.

Bibliografiske detaljer
Institution som forfatter: International Monetary Fund. Secretary's Department
Format: Tidsskrift
Sprog:English
Udgivet: Washington, D.C. : International Monetary Fund, 1981.
Serier:Summary Proceedings; 36th Annual Meeting, 1981
Online adgang:Full text available on IMF
LEADER 01365cas a2200241 a 4500
001 AALejournalIMF017461
008 230101c9999 xx r poo 0 0eng d
020 |c 5.00 USD 
020 |z 9781475580969 
022 |a 0074-7025 
040 |a BD-DhAAL  |c BD-DhAAL 
110 2 |a International Monetary Fund.  |b Secretary's Department. 
245 1 0 |a Summary Proceedings of the Thirty-Sixth Annual Meetings of the Board of Governors, 1981. 
264 1 |a Washington, D.C. :  |b International Monetary Fund,  |c 1981. 
300 |a 1 online resource (456 pages) 
490 1 |a Summary Proceedings 
500 |a <strong>Off-Campus Access:</strong> No User ID or Password Required 
500 |a <strong>On-Campus Access:</strong> No User ID or Password Required 
506 |a Electronic access restricted to authorized BRAC University faculty, staff and students 
520 3 |a The speeches made by officials attending the IMF-World Bank Annual Meetings are published in this volume, along with the press communiques issued by the International Monetary and Financial Committee and the Development Committee at the conclusion of the meetings. 
538 |a Mode of access: Internet 
830 0 |a Summary Proceedings; 36th Annual Meeting, 1981 
856 4 0 |z Full text available on IMF  |u http://elibrary.imf.org/view/books/015/24085-9781475580969-en/24085-9781475580969-en-book.xml  |z IMF e-Library